Statistics for Born in Dallas

Click here to take the quiz!

General Stats

  • This quiz has been taken 16 times
    (4 since last reset)
  • The average score is 8 of 43

Answer Stats

HintAnswer% Correct
Singer, "I'd Do Anything for Love" and actor, "Fight Club" "The Rocky Horror Picture Show"1947Meat Loaf
100%
Actress, model and wife of Roman Polanski, she was murdered in 1969 by members of the Manson Family1943Sharon Tate
100%
Singer, "Yeah!" ""DJ Got Us Fallin' in Love" "Nice & Slow"1978Usher
100%
CEO and chairman of Hilton Hotels, founder of the American Football League and originial owner of the Los Angeles Chargers1927Barron Hilton
50%
Hall of Fame basketball player who played for the Raptors and Heat1984Chris Bosh
50%
Actor, "Breaking Bad" "The Power of the Dog" "I'm Thinking of Ending Things"1988Jesse Plemons
50%
Actor, "Idiocracy" "The Royal Tenenbaums" "Stargirl"1971Luke Wilson
50%
Billionaire, co-founder of the world's largest private charitable organization and former computer scientist at Microsoft1964Melinda Gates
50%
Singer, actor and member of the Jonas Brothers1992Nick Jonas
50%
Actor, "Night at the Musuem" "The Royal Tenenbaums" "Zoolander" "Cars" "Loki"1968Owen Wilson
50%
Guitarist and singer, he became the first person to inducted twice with his groups on the same night into the Rock and Roll Hall of Fame1945Stephen Stills
50%
Rapper, known for the first hip hop single to top the Billboard charts "Ice Ice Baby"1967Vanilla Ice
50%
Far-right radio show host and conspiracy theorist, known for his website "InfoWars"1974Alex Jones
0%
Outfielder who plays for the Colorado Rockies1986Charlie Blackmon
0%
Television host, best known for being the former host of "The Bachelor", "The Bachelorette" and "Who Wants to Be a Millionaire"1971Chris Harrison
0%
CEO and part owner of the Kansas City Chiefs and founding investor of the MLS1965Clark Hunt
0%
Pitcher who plays for the Los Angeles Dodgers and NL MVP 20141988Clayton Kershaw
0%
Founder of the Dallas Cowboys1923Clint Murchinson Jr.
0%
Former quarterback who played most of his career for the New Orleans Saints and one of the best quarterbacks in NFL history1979Drew Brees
0%
Hall of Fame baseball player who played for the Chicago Cubs, nicknamed "Mr. Cub"1931Ernie Banks
0%
Former mixed martial artist and actress, she portrayed Cara Dune in "The Mandalorian" but was removed from the series after she made controversial posts on social media1982Gina Carano
0%
Hall of Fame basketball player who played for the Pistons, Magic and Suns and is now the co-owner of the Atlanta Hawks1972Grant Hill
0%
Real estate billionaire and donor to Republican and conservative causes, he received media attention after it became public that he had made undisclosed gift to Supreme Court Justice Clarence Thomas1949Harlan Crow
0%
Actress, known for her role as Lydia Martin in "Teen Wolf"1986Holland Roden
0%
Senator from Oklahoma since 20151968James Lankford
0%
Actor, known for his role as Ben Gross in "Never Have I Ever"2000Jaren Lewison
0%
Wide receiver who plays for the Seattle Seahawks2002Jaxon Smith-Njigba
0%
Actor, known for his role as Dean Winchester in "Supernatural"1978Jensen Ackles
0%
Cinematographer, "Chinatown" "Scarface"1934John A. Alonzo
0%
Golfer and winner of three major championships1993Jordan Spieth
0%
Actor, known for his role as Billy Maximoff in "WandaVision"2011Julian Hilliard
0%
Basketball player who plays for the New York Knicks1994Julius Randle
0%
Basketball player who plays for the Brooklyn Nets (former Spurs and Trail Blazers player)1985LaMarcus Aldridge
0%
Singer, known for her song "Pretty Girl"1998Maggie Lindemann
0%
Retired sprinter who won four Olympic gold medals and formerly held world and Olympic records1967Michael Johnson
0%
Actor, "The Terminator" "King" "Sounder§1939Paul Winfield
0%
Veterinarian, known as child actor for his role as Charlie Bucket in "Willy Wonka & the Chocolate Factory"1957Peter Ostrum
0%
Actress, "House of Cards" "Forrest Gump" "The Princess Bride"1966Robin Wright
0%
Creator of the Dallas Buyer's Club, he was portrayed by Matthew McConaughey in the film "Dallas Buyers Club"1950Ron Woodroof
0%
Actor, "Groundhog Day" "Memento" "Silicion Valley"1951Stephen Tobolowksy
0%
Hall of Fame wide receiver who played for the Raiders and won the Heisman Trophy in 1987 during his college time at Notre Dame1966Tim Brown
0%
Justice of the Supreme Court from 1949 to 1967, he was suceeded by Thurgood Marshall (the first African American Supreme Court Justice)1899Tom C. Clark
0%
Actor, "The Good Place" "Ant-Man and the Wasp: Quantumania" "Midsommar"1980William Jackson Harper
0%

Score Distribution

Percentile by Number Answered

Percent of People with Each Score

Your Score History

You have not taken this quiz since the last reset